000 00992 a2200217 4500
001 63956
005 20260521160827.0
008 260521a1973 arg spa d
003 AR-UNSa-BCEJYS
040 _aAR-UNSa-BCEJYS
_bspa
_cAR-UNSa-BCEJYS
080 _a658.15
_xAdministración financiera privada. Gestión financiera de empresas
245 1 0 _aEconomía de la empresa
264 1 _aBuenos Aires :
_bAmorrortu Editores
_c1973
300 _a506 p.
_c23 cm.
505 _aPrimera Parte: Introducción - Segunda Parte: Modelos de análisis marginal de la empresa - Tercera Parte: Modelos de programación matemática de la empresa - Cuarta Parte: Modelos dinámicos y estocásticos de la empresa - Quinta Parte: Simulación por computadora - Sexta Parte: Modelos de inversión de la empresa - Séptima Parte: Otros modelos de la empresa -
041 _aspa
942 _cBK
590 _aniveau_biblio:m niveau_hierar:0
100 1 _aNaylor, Thomas H.
700 1 _aVernon, John M.
999 _c36434
_d36434